| 000 | 00640nam a2200229Ia 4500 | ||
|---|---|---|---|
| 003 | 0100 | ||
| 008 | 130303s9999 xx 000 0 und d | ||
| 040 | _cARRUPELIB | ||
| 050 | _aK246.S1 1996 | ||
| 100 | _aSchauer, Frederick | ||
| 245 | 4 | _aThe philosophy of law | |
| 245 | _bclassic and contemporary readings with commentary | ||
| 260 | _aFort Worth | ||
| 260 | _bHarcourt Brace College Publishers | ||
| 260 | _C1996 | ||
| 300 | _a1002p. | ||
| 650 | _bFraternal organizations--Great Britain | ||
| 650 | _cCharities, medical--Great Britain | ||
| 650 | _dWelfare state | ||
| 700 | _aSinnott-Armstrong, Walter | ||
| 942 |
_2lcc _01 |
||
| 999 |
_c65911 _d65911 |
||